Library Banner

Feminist anthropology : (Record no. 117391)

MARC details
000 -LEADER
fixed length control field 00609cam a2200193 a 4500
001 - CONTROL NUMBER
control field 14285126
005 - DATE AND TIME OF LATEST TRANSACTION
control field 20200518122852.0
008 - FIXED-LENGTH DATA ELEMENTS--GENERAL INFORMATION
fixed length control field 060303s2006 pau b 001 0 eng
020 ## - INTERNATIONAL STANDARD BOOK NUMBER
International Standard Book Number 9780812220056
040 ## - CATALOGING SOURCE
Transcribing agency PK-LaUMT
082 00 - DEWEY DECIMAL CLASSIFICATION NUMBER
Classification number 301.082
Edition number 22
Item number FEM-
245 00 - TITLE STATEMENT
Title Feminist anthropology :
Remainder of title past, present, and future /
Statement of responsibility, etc edited by Pamela L. Geller and Miranda K. Stockett
260 ## - PUBLICATION, DISTRIBUTION, ETC. (IMPRINT)
Place of publication, distribution, etc Philadelphia :
Name of publisher, distributor, etc University of Pennsylvania Press,
Date of publication, distribution, etc 2006
300 ## - PHYSICAL DESCRIPTION
Extent xvi, 226 p. ;
Dimensions 24 cm.
650 #0 - SUBJECT ADDED ENTRY--TOPICAL TERM
Topical term or geographic name as entry element Feminist anthropology.
700 1# - ADDED ENTRY--PERSONAL NAME
Personal name Geller, Pamela L.
700 1# - ADDED ENTRY--PERSONAL NAME
Personal name Stockett, Miranda K.
942 ## - ADDED ENTRY ELEMENTS (KOHA)
Koha item type Books
Holdings
Withdrawn status Lost status Damaged status Home library Current library Date acquired Full call number Barcode Date last seen Price effective from Koha item type
      UMT Main Campus UMT Main Campus 2020-05-18 301.082 FEM- 133703 2020-05-18 2020-05-18 Books